000 00631nam a2200265Ia 4500
005 20260121165758.0
008 008 260114s9999 xx 000 0 eng d
020 _a9783319415857
037 _aEBOOK
040 _aCRL
040 _beng
040 _cCRL
041 _2eng
041 _aeng
084 _qCRL
100 _aJohn H. Langdon
_91055927
245 4 _aThe Science of Human Evolution
260 _bSpringer
260 _bSpringer
260 _c2016
856 _uhttps://link.springer.com/openurl?genre=book&isbn=978-3-319-41585-7
942 _cEBOOK
999 _c1621655
_d1621655